L'estetica medievale /
Saved in:
| Main Author: | |
|---|---|
| Format: | Book |
| Language: | Italian |
| Published: |
Bologna :
Il mulino,
2002.
|
| Series: | Lessico dell'estetica ;
14. |
| Subjects: | |
| Tags: |
Add Tag
No Tags, Be the first to tag this record!
|
| LEADER | 00834nam a22002894a 4500 | ||
|---|---|---|---|
| 001 | 009173291-3 | ||
| 005 | 20030821114253.0 | ||
| 008 | 020625s2002 it b 001 0 ita c | ||
| 020 | |a 8815086358 | ||
| 035 | 0 | |a ocm50063877 | |
| 035 | |a (ICU)hz4704910 | ||
| 040 | |a C3L |c C3L |d CGU |d OCoLC | ||
| 042 | |a pcc | ||
| 043 | |a e------ | ||
| 045 | |a o0s9 | ||
| 050 | 4 | |a BH131 |b .F953 2002 | |
| 082 | 1 | 4 | |a 111 |
| 100 | 1 | |a Fumagalli Beonio Brocchieri, Mariateresa, |d 1933- | |
| 245 | 1 | 2 | |a L'estetica medievale / |c Mariateresa Fumagalli Beonio Brocchieri. |
| 260 | |a Bologna : |b Il mulino, |c 2002. | ||
| 300 | |a 138 p. ; |c 21 cm. | ||
| 490 | 1 | |a Lessico dell'estetica ; |v 14 | |
| 504 | |a Includes bibliographical references and index. | ||
| 650 | 0 | |a Aesthetics, Medieval. | |
| 830 | 0 | |a Lessico dell'estetica ; |v 14. | |
| 988 | |a 20030821 | ||
| 906 | |0 OCLC | ||


